| 000 | 00648cam a2200181 i 4500 | ||
|---|---|---|---|
| 020 | _a0901945250 | ||
| 082 | 0 | 0 |
_a658.5 _bLOC _cL-26, P-65 |
| 100 | 1 |
_aLockyer, K. G. _944664 |
|
| 245 | 1 | 0 |
_aProduction management : _bthe unaccepted challenge / _cby K. G. Lockyer. |
| 260 |
_a[Bradford] : _b[University of Bradford], _c[1976] |
||
| 300 |
_a[1], 21 p. : _b3 ill. ; _c21 cm. |
||
| 500 | _aAn inaugural lecture delivered at the University of Bradford on 28 October 1975. | ||
| 526 |
_a0 _b0 _c0 _d658_500000000000000_LOC |
||
| 526 |
_a0 _b0 _c0 _d658_500000000000000_LOC |
||
| 650 | 0 |
_aMCE _9379 |
|
| 650 | 0 |
_aProduction management. _91879 |
|
| 942 |
_2ddc _cBK |
||
| 999 |
_c548408 _d548408 |
||